| 000 | 00492nam a2200169 i 4500 | ||
|---|---|---|---|
| 001 | 35316 | ||
| 003 | ES-MaACL | ||
| 005 | 20230906155114.0 | ||
| 007 | t| | ||
| 008 | 030212s1971 sp ||||1| spa d | ||
| 245 | 0 | 0 |
_aBollería práctica / _c[selección de labores: Ramón Vilardell Colomer]. |
| 250 | _a[1ª ed.]. | ||
| 260 |
_aBarcelona : _bAries, _c[1971] |
||
| 300 |
_a246 p. : _bil. ; _c25 cm. |
||
| 700 | 1 |
_aVilardell Colomer, Ramón. _9114813 |
|
| 852 |
_aES-MaACL _jC-41875 _bR.78408 |
||
| 999 |
_c35316 _d35316 |
||